[Event "Landesliga Sued U20 1819"]
[Site "Bayern"]
[Date "2018.11.17"]
[Round "1.4"]
[White "Speter, Ivan"]
[Black "Lange, Tobias"]
[Result "1-0"]
[WhiteElo "1696"]
[BlackElo "1260"]
[PlyCount "103"]
[EventDate "2018.11.17"]
[EventType "team-tourn"]
[EventRounds "7"]
[EventCountry "GER"]
[SourceTitle "EXT 2022"]
[Source "ChessBase"]
[SourceDate "2021.10.06"]
[SourceVersion "1"]
[SourceVersionDate "2021.10.06"]
[SourceQuality "1"]
[WhiteTeam "Dorfen PSV U20"]
[BlackTeam "Garching U20"]
[WhiteTeamCountry "GER"]
[BlackTeamCountry "GER"]

1. e4 e5 2. Nf3 Nc6 3. Bc4 d6 4. c3 Nf6 5. d3 Be7 6. Nbd2 0-0 7. Bb3 Bg4 8. Nf1 Qd7 9. h3 Bxf3 10. Qxf3 Rad8 11. Ne3 g6 12. Bd2 b5 13. g4 Na5 14. Bc2 d5 15. Nxd5 Nxd5 16. exd5 Qxd5 17. Qxd5 Rxd5 18. c4 bxc4 19. Bxa5 Rxa5 20. dxc4 Bb4+ 21. Ke2 Rd8 22. a3 Rd2+ 23. Kf3 Bc5 24. b4 Bxb4 25. axb4 Rxa1 26. Rxa1 Rxc2 27. c5 c6 28. Rxa7 Rc4 29. Rb7 h6 30. Ke3 h5 31. gxh5 gxh5 32. Kd3 Rh4 33. Rb6 Rxh3+ 34. Kc4 Rh4+ 35. Kb3 Rf4 36. Rxc6 Rxf2 37. Rd6 Rf3+ 38. Kc4 Ra3 39. c6 Ra8 40. c7 Rc8 41. Rd8+ Rxd8 42. cxd8Q+ Kg7 43. Qg5+ Kf8 44. b5 e4 45. b6 e3 46. b7 Ke8 47. b8Q+ Kd7 48. Qbd8+ Ke6 49. Qe8+ Kd6 50. Qd5+ Kc7 51. Kc5 e2 52. Qdc6# 1-0

[Event "Oberbayern Bezirksliga 1718"]
[Site "Germany"]
[Date "2018.04.15"]
[Round "9.8"]
[White "Speter, Ivan"]
[Black "Gschwendtner, Klaus"]
[Result "0-1"]
[WhiteElo "1495"]
[BlackElo "2006"]
[PlyCount "56"]
[EventDate "2017.10.22"]
[EventType "team-tourn"]
[EventRounds "9"]
[EventCountry "GER"]
[SourceTitle "EXT 2019"]
[Source "ChessBase"]
[SourceDate "2018.10.10"]
[SourceVersion "1"]
[SourceVersionDate "2018.10.10"]
[SourceQuality "1"]
[WhiteTeam "Dorfen"]
[BlackTeam "Starnberg"]
[WhiteTeamCountry "GER"]
[BlackTeamCountry "GER"]

1. Nf3 Nf6 2. g3 d5 3. Bg2 c6 4. 0-0 Nbd7 5. d4 g6 6. c4 Bg7 7. Qc2 0-0 8. Nbd2 Nb6 9. Rd1 Bf5 10. Qb3 dxc4 11. Nxc4 Be6 12. Nfe5 Nxc4 13. Nxc4 b5 14. Bxc6 Bxc4 15. Qa3 Rc8 16. Bf3 Qb6 17. d5 b4 18. Qa4 a5 19. Be3 Qa6 20. Rd2 Rfd8 21. Rad1 Rd7 22. Bg4 Bb5 23. Bxd7 Bxa4 24. Bxc8 Qxc8 25. b3 Bd7 26. d6 Ne4 27. Rd5 Nc3 28. Rc5 Qxc5 0-1